00429nam a22001577a 4500003001100000005001700011008004100028020001800069040003900087041000800126082001700134245002300151260006300174650001000237650002400247LK-CoMWRAF20230911230840.0230911b2011 |||||||| |||| 00| 0 eng d a9789556250411 aLK-CoMWRAFdLK-CoMWRAFeLK-CoMWRAF aeng a297.122bWOM aWomen in the Quran aColombo :bMuslim Women's research and action forum,c2011 aQuran a Women in the Quran